Un footballeur pour chaque pays - Lettre M - Statistiques

Statistiques générales
  • Ce quiz a été pris 81 fois
  • Le résultat moyen est 5 sur 17
Statistiques - réponses
Pays Réponses % Correct
Maroc Hakimi, Ziyech, Bounou, Benatia, Amrabat, Mazraoui, Saiss, El Arabi, Belhanda, En-Nesyri
99%
Mexique Vela, Ochoa, Corona, Jimenez, Hernandez, Sanchez, Lozano, Guardado, Marquez, Moreno
89%
Monténégro Jovetic, Basa, Savic, Vucinic, Marusic, Damjanovic, Durdevic, Mugosa, Krstovic, Haksabanovic
54%
Mali Marega, Haidara, Traore, Doumbia, Kanoute, Samassekou, Keita, Bissouma, Diabate, Doucoure
54%
Macédoine du Nord Pandev, Elmas, Alioski, Bardhi, Dimitrievski, Ristovski, Ademi, Nikolov, Noveski, Nestorovski
49%
Madagascar Morel, Metanire, Ilaimaharitra, Lapoussin, Andriatsima, Mombris, Nomenjanahary, Raveloson, Fontaine, Boto
29%
Malte Teuma, Jones, Schembri, Bogdanovic, Hutchinson, Muscat, Guillaumier, Beerman, Barbara, Brown
27%
Mozambique Reinildo, Mexer, Catamo, Zainadine, Mate, Langa, Guima, Witi, Pelembe, Junior
23%
Mauritanie Koita, Guidileye, El Hacen, Ba, Abeid, Niasse, Sy, Abou Demba, Mahmoud, Thiam
10%
Maldives Mohamed, Ashfaq, Fasir, Nizam, Umair, Abdulla, Abdul Ghanee, Ali, Arif, Rizuvan
6%
Moldavie Epureanu, Cracium, Gatcan, Ionita, Armas, Reabciuk, Koselev, Rusu, Josan, Postolachi
4%
Maurice Rose, Bru, Villeneuve, Jean-Louis, Collard, Vincent, Sophie, Langue, Aristide, Balisson
4%
Malawi Mhango, Petro, Ngwenya, Chembezi, Sanudi, Banda, Madinga, Mphasi, Mzava, Phiri
3%
Macao Cheng leong, Kin Seng, Torrao, Man Fai, Ka Ang, Kin Lao, Vernon, Ka Seng, Chan, Chi Hang
1%
Malaisie Cools, Lok, Faisal, Syihan, Gan, Rasid, Chin Ann, Dahari, Corbin-Ong, Tan
1%
Mongolie Khurelbaatar, Lumbengarav, Naranbold, Ganbayar, Batsaikhan, Garidmagnai, Amaraa, Gerelt-Od, Tsedenbal, Enkhtaivan
1%
Montserrat Taylor, Daniels, Dyer, Comley, Griffith, Pond, Dorsett, Willock, Meade, Allen
1%
Aucun quiz correspondant
Distribution des résultats
% des personnes avec chaque résultat
Percentile par nombre de réponses
Votre historique - résultats
Vous n’avez pas pris ce quiz